[Event "GER-chT Lands U20"]
[Site "Bad Sulza"]
[Date "2004.11.18"]
[Round "5.6"]
[White "Nissler, Robert"]
[Black "Maier, Maximilian"]
[Result "1/2-1/2"]
[WhiteElo "1371"]
[BlackElo "1550"]
[PlyCount "55"]
[EventDate "2004.11.15"]
[EventType "team-swiss"]
[EventRounds "7"]
[EventCountry "GER"]
[SourceTitle "EXT 2006"]
[Source "ChessBase"]
[SourceDate "2005.11.24"]
[SourceVersion "1"]
[SourceVersionDate "2005.11.24"]
[SourceQuality "1"]

1. e4 c5 2. Nf3 d6 3. d4 cxd4 4. Nxd4 Nf6 5. Nc3 a6 6. Bg5 e6 7. f4 Nbd7 8. Bc4 b5 9. Bb3 Bb7 10. a3 Rc8 11. Qd2 h6 12. Bxf6 Nxf6 13. e5 dxe5 14. fxe5 Nd7 15. 0-0-0 Nxe5 16. Qe2 Qg5+ 17. Kb1 Bxa3 18. Rhe1 Nc4 19. Nxe6 Qe5 20. Qxe5 Nxe5 21. Rxe5 fxe6 22. Rxe6+ Be7 23. Nd5 Bxd5 24. Rxd5 Rf8 25. Rxa6 Rf2 26. Rxb5 Rxg2 27. Rb7 Rxh2 28. Re6 1/2-1/2

[Event "GER-chT Lands U20"]
[Site "Bad Sulza"]
[Date "2004.11.16"]
[Round "2.6"]
[White "Hartmann, Nicolas"]
[Black "Nissler, Robert"]
[Result "1/2-1/2"]
[WhiteElo "1526"]
[BlackElo "1371"]
[PlyCount "56"]
[EventDate "2004.11.15"]
[EventType "team-swiss"]
[EventRounds "7"]
[EventCountry "GER"]
[SourceTitle "EXT 2006"]
[Source "ChessBase"]
[SourceDate "2005.11.24"]
[SourceVersion "1"]
[SourceVersionDate "2005.11.24"]
[SourceQuality "1"]

1. e4 c5 2. Nf3 d6 3. d4 cxd4 4. Nxd4 Nf6 5. Nc3 a6 6. Bc4 e5 7. Nde2 Be6 8. Bb3 Nbd7 9. Bg5 Be7 10. Ng3 Nc5 11. Bxf6 Bxf6 12. Nh5 Nxb3 13. axb3 0-0 14. Nxf6+ Qxf6 15. Qxd6 Rad8 16. Qc5 Qg5 17. Kf1 Rd2 18. Rc1 Rfd8 19. Qe3 Rxf2+ 20. Kxf2 Rd2+ 21. Ne2 Rxe2+ 22. Qxe2 Qf4+ 23. Qf3 Qd2+ 24. Qe2 Qf4+ 25. Ke1 Qxc1+ 26. Qd1 Qe3+ 27. Qe2 Qc1+ 28. Qd1 Qe3+ 1/2-1/2

[Event "GER-chT Lands U20"]
[Site "Bad Sulza"]
[Date "2004.11.16"]
[Round "3.6"]
[White "Nissler, Robert"]
[Black "Rohlfs, Ricarda"]
[Result "0-1"]
[WhiteElo "1371"]
[BlackElo "1675"]
[PlyCount "60"]
[EventDate "2004.11.15"]
[EventType "team-swiss"]
[EventRounds "7"]
[EventCountry "GER"]
[SourceTitle "EXT 2006"]
[Source "ChessBase"]
[SourceDate "2005.11.24"]
[SourceVersion "1"]
[SourceVersionDate "2005.11.24"]
[SourceQuality "1"]

1. e4 c5 2. Nf3 Nc6 3. d4 cxd4 4. Nxd4 e6 5. Nc3 a6 6. a3 Qc7 7. Be3 Nf6 8. Be2 b5 9. Qd2 Bb7 10. 0-0 h5 11. a4 b4 12. Na2 Nxe4 13. Qd1 Bd6 14. h3 Nf6 15. c3 Ne5 16. Rc1 Neg4 17. cxb4 Qb8 18. Bf3 Bxb4 19. g3 Nxe3 20. fxe3 Qxg3+ 21. Kh1 Qxh3+ 22. Kg1 Qg3+ 23. Kh1 Bd6 24. Rc2 Bxf3+ 25. Nxf3 Rh6 26. Rg2 Qh3+ 27. Kg1 Ke7 28. Qe2 Ne4 29. Ng5 Nxg5 30. Rxg5 Bh2+ 0-1

[Event "GER-chT Lands U20"]
[Site "Bad Sulza"]
[Date "2004.11.15"]
[Round "1.6"]
[White "Nissler, Robert"]
[Black "Klassen, Olga"]
[Result "0-1"]
[WhiteElo "1371"]
[BlackElo "1641"]
[PlyCount "56"]
[EventDate "2004.11.15"]
[EventType "team-swiss"]
[EventRounds "7"]
[EventCountry "GER"]
[SourceTitle "EXT 2006"]
[Source "ChessBase"]
[SourceDate "2005.11.24"]
[SourceVersion "1"]
[SourceVersionDate "2005.11.24"]
[SourceQuality "1"]

1. e4 c5 2. Nf3 e6 3. d4 cxd4 4. Nxd4 a6 5. Nc3 Qc7 6. Be3 Bb4 7. Nde2 Nf6 8. f3 d5 9. a3 Bxc3+ 10. Nxc3 dxe4 11. fxe4 b5 12. Bd3 Bb7 13. 0-0 Nbd7 14. Qd2 Nc5 15. Qe2 Ncxe4 16. Bxe4 Nxe4 17. Nxe4 Bxe4 18. c3 Bd5 19. Rf2 0-0 20. Bf4 Qc5 21. Qh5 Qc6 22. Raf1 Bc4 23. Bh6 e5 24. Bxg7 Kxg7 25. Qxe5+ f6 26. Rxf6 Rxf6 27. Qg5+ Rg6 28. Qe7+ Kg8 0-1

[Event "GER-ch U10"]
[Site "Winterberg"]
[Date "2002.05.22"]
[Round "7"]
[White "Voelz, Michael"]
[Black "Nissler, Robert"]
[Result "1-0"]
[WhiteElo "1180"]
[BlackElo "935"]
[PlyCount "43"]
[EventDate "2002.05.19"]
[EventType "swiss"]
[EventRounds "11"]
[EventCountry "GER"]
[SourceTitle "CBM 088 Extra"]
[Source "ChessBase"]
[SourceDate "2002.07.01"]
[SourceVersion "2"]
[SourceVersionDate "2002.07.01"]
[SourceQuality "1"]

1. e4 c5 2. Nf3 d6 3. d4 cxd4 4. Nxd4 Nf6 5. Nc3 a6 6. Bc4 e6 7. f3 Be7 8. Be3 Nbd7 9. 0-0 Qc7 10. Bb3 0-0 11. Qd3 Nc5 12. Qc4 b5 13. Qe2 Bb7 14. Rad1 Rac8 15. Qd2 Nxb3 16. cxb3 Rfd8 17. Rc1 Qd7 18. Rfd1 d5 19. exd5 Nxd5 20. Nxd5 Rxc1 21. Nxe7+ Qxe7 22. Qxc1 1-0

[Event "GER-ch U10"]
[Site "Winterberg"]
[Date "2002.05.20"]
[Round "4"]
[White "Nissler, Robert"]
[Black "Mazarov, Juergen"]
[Result "0-1"]
[WhiteElo "935"]
[BlackElo "1284"]
[PlyCount "104"]
[EventDate "2002.05.19"]
[EventType "swiss"]
[EventRounds "11"]
[EventCountry "GER"]
[SourceTitle "CBM 088 Extra"]
[Source "ChessBase"]
[SourceDate "2002.07.01"]
[SourceVersion "2"]
[SourceVersionDate "2002.07.01"]
[SourceQuality "1"]

1. e4 e5 2. Nf3 Nc6 3. Bb5 a6 4. Ba4 Nf6 5. 0-0 b5 6. Bb3 Be7 7. Nc3 0-0 8. d3 Bb7 9. Bg5 Ng4 10. Bxe7 Qxe7 11. h3 Nf6 12. Bd5 Nxd5 13. Nxd5 Qd8 14. Qd2 Re8 15. Rac1 Ne7 16. Ne3 Ng6 17. Nf5 d5 18. Qe3 d4 19. Qg5 Qxg5 20. Nxg5 Nf4 21. Rfe1 f6 22. Nf3 g6 23. Nh6+ Kg7 24. Ng4 h5 25. Ngh2 Re7 26. Nd2 f5 27. f3 fxe4 28. fxe4 a5 29. Nb3 a4 30. Nc5 Bc6 31. b3 axb3 32. axb3 b4 33. Ra1 Ne2+ 34. Kf2 Rxa1 35. Rxa1 Nc3 36. Nf3 Kh6 37. Ra6 Be8 38. Re6 Nd1+ 39. Ke1 Rxe6 40. Nxe6 Ne3 41. g3 Nxc2+ 42. Kd1 Na1 43. Nd2 Bf7 44. Kc1 Bxe6 45. Kb2 Nxb3 46. Nxb3 Bxb3 47. Kxb3 c5 48. Kc4 Kg5 49. Kb3 h4 50. g4 Kf4 51. Kc2 Ke3 52. Kb3 Kxd3 0-1

[Event "GER-ch U10"]
[Site "Winterberg"]
[Date "2002.05.20"]
[Round "3"]
[White "Schaefer, Alexander1111"]
[Black "Nissler, Robert"]
[Result "0-1"]
[WhiteElo "1259"]
[BlackElo "935"]
[PlyCount "50"]
[EventDate "2002.05.19"]
[EventType "swiss"]
[EventRounds "11"]
[EventCountry "GER"]
[SourceTitle "CBM 088 Extra"]
[Source "ChessBase"]
[SourceDate "2002.07.01"]
[SourceVersion "2"]
[SourceVersionDate "2002.07.01"]
[SourceQuality "1"]

1. d4 Nf6 2. c4 e6 3. Nc3 Bb4 4. Nf3 Nc6 5. e3 d5 6. a3 Bxc3+ 7. bxc3 0-0 8. Qc2 Re8 9. Be2 b6 10. cxd5 exd5 11. Bb5 Bb7 12. Ne5 Re6 13. Bxc6 Bxc6 14. 0-0 Bb7 15. c4 Rc8 16. f4 Ne4 17. f5 Rh6 18. Rf4 Qg5 19. Qb3 dxc4 20. Rg4 cxb3 21. Rxg5 Nxg5 22. e4 f6 23. Ng4 Rh4 24. Bxg5 Rxg4 25. Be3 Bxe4 0-1

[Event "GER-ch U10"]
[Site "Winterberg"]
[Date "2002.05.19"]
[Round "2"]
[White "Nissler, Robert"]
[Black "Oltzen, Samuel David"]
[Result "0-1"]
[WhiteElo "935"]
[BlackElo "1311"]
[PlyCount "76"]
[EventDate "2002.05.19"]
[EventType "swiss"]
[EventRounds "11"]
[EventCountry "GER"]
[SourceTitle "CBM 088 Extra"]
[Source "ChessBase"]
[SourceDate "2002.07.01"]
[SourceVersion "2"]
[SourceVersionDate "2002.07.01"]
[SourceQuality "1"]

1. e4 c5 2. Nf3 Nf6 3. Nc3 Nc6 4. d4 cxd4 5. Nxd4 d6 6. Bb5 Bd7 7. Be3 a6 8. Bxc6 bxc6 9. Qd2 g6 10. h3 Bg7 11. Bh6 0-0 12. g4 d5 13. e5 Ne8 14. Bxg7 Kxg7 15. f4 e6 16. 0-0-0 Nc7 17. Rdf1 Nb5 18. Ndxb5 axb5 19. h4 b4 20. Nb1 Rxa2 21. Qxb4 Qa5 22. Qxa5 Rxa5 23. h5 Ra4 24. Kd1 f6 25. Nc3 Rb4 26. b3 fxe5 27. h6+ Kg8 28. fxe5 Rxf1+ 29. Rxf1 Rxg4 30. Rh1 Rg5 31. Na4 Rxe5 32. Nb6 Be8 33. Re1 Rxe1+ 34. Kxe1 Kf7 35. Ke2 g5 36. Ke3 Kg6 37. Kd4 Kxh6 38. Ke5 g4 0-1